000 00614nam a2200205 4500
999 _c171819
_d171819
005 20201109123436.0
010 _aENG-127489
020 _c200.00
_a8187649127
035 _aEN-111021
037 _bDBAD/PUB
082 _a823.914
245 _aBhupen Khakhar
_ctranslated by Ganesh Devy,Naushil Mehta and Bina Srinivasan
260 _aNew Delhi
_bKatha
_c2001
270 _aA-3 Sarvodaya Enclave Sri Aurobindo Marg
_bNew Delhi
_e110017
300 _aV;203p.
_c20cm(hb)
700 _aDevy,Ganesh
700 _aMehta,Naushil
700 _aSrinivasan,Bina
942 _2ddc
_cEN
_h823.914
_mBHU